[Event "Valasska Bystrice op"]
[Site "Valasska Bystrice"]
[Date "2023.09.12"]
[Round "5"]
[White "Bajer, Jakub"]
[Black "Zelenka, Milan"]
[Result "1/2-1/2"]
[WhiteElo "1420"]
[BlackElo "1971"]
[PlyCount "45"]
[EventDate "2023.09.09"]
[EventType "swiss"]
[EventRounds "9"]
[EventCountry "CZE"]
[SourceTitle "EXT 2024"]
[Source "ChessBase"]
[SourceDate "2023.10.10"]
[SourceVersion "1"]
[SourceVersionDate "2023.10.10"]
[SourceQuality "1"]

1. d4 Nf6 2. Nc3 d5 3. Bf4 Bf5 4. e3 e6 5. f3 Bb4 6. g4 Bg6 7. h4 h5 8. g5 Ng8 9. Bd3 Ne7 10. Nge2 Nbc6 11. Bg3 Bd6 12. Bxd6 Qxd6 13. Nf4 Bxd3 14. Qxd3 0-0-0 15. 0-0-0 a6 16. Kb1 e5 17. dxe5 Nxe5 18. Qe2 Qc6 19. e4 dxe4 20. fxe4 Rxd1+ 21. Rxd1 Qc4 22. Qf2 N7c6 23. Nfd5 1/2-1/2

[Event "CZE-chT2F 0910"]
[Site "Czech Republic"]
[Date "2010.02.28"]
[Round "8.4"]
[White "Zelenka, Milan"]
[Black "Stverak, Milan"]
[Result "1/2-1/2"]
[WhiteElo "2182"]
[BlackElo "2080"]
[PlyCount "81"]
[EventDate "2009.10.18"]
[EventType "team-tourn"]
[EventRounds "11"]
[EventCountry "CZE"]
[SourceTitle "EXT 2012"]
[Source "ChessBase"]
[SourceDate "2011.11.24"]
[SourceVersion "1"]
[SourceVersionDate "2011.11.24"]
[SourceQuality "1"]
[WhiteTeam "Morkov"]
[BlackTeam "Vsetin"]
[WhiteTeamCountry "CZE"]
[BlackTeamCountry "CZE"]

1. d4 c6 2. Nf3 Nf6 3. c4 d5 4. Nc3 dxc4 5. a4 Bf5 6. e3 e6 7. Bxc4 Bb4 8. 0-0 0-0 9. Qb3 Qe7 10. Ne5 Rd8 11. f3 c5 12. e4 Bg6 13. d5 Bxc3 14. bxc3 exd5 15. Nxg6 hxg6 16. Bxd5 Nxd5 17. exd5 Na6 18. Bf4 Qf6 19. Bg3 Rd7 20. Rfe1 Rc8 21. Re4 c4 22. Rxc4 Nc5 23. Qd1 Qe7 24. Bf2 b6 25. Ra2 Qg5 26. Rd2 Rcd8 27. h4 Qe7 28. Bxc5 bxc5 29. Re4 Qf6 30. c4 Rb8 31. Rde2 Rdb7 32. Re8+ Rxe8 33. Rxe8+ Kh7 34. Re4 Qd6 35. Qa1 Qg3 36. Rg4 Qb8 37. Qc3 Rb3 38. Qa5 Rb1+ 39. Kf2 Rb2+ 40. Kg1 Rb1+ 41. Kf2 1/2-1/2

[Event "CZE-chT2F 0910"]
[Site "Czech Republic"]
[Date "2009.10.18"]
[Round "1.4"]
[White "Zelenka, Milan"]
[Black "Rakus, Pavel"]
[Result "1/2-1/2"]
[WhiteElo "2182"]
[BlackElo "2084"]
[PlyCount "94"]
[EventDate "2009.10.18"]
[EventType "team-tourn"]
[EventRounds "11"]
[EventCountry "CZE"]
[SourceTitle "EXT 2012"]
[Source "ChessBase"]
[SourceDate "2011.11.24"]
[SourceVersion "1"]
[SourceVersionDate "2011.11.24"]
[SourceQuality "1"]
[WhiteTeam "Morkov"]
[BlackTeam "Benesov"]
[WhiteTeamCountry "CZE"]
[BlackTeamCountry "CZE"]

1. d4 Nf6 2. Nf3 e6 3. Bg5 d5 4. e3 Be7 5. Bd3 0-0 6. 0-0 b6 7. Nbd2 Bb7 8. Ne5 Nbd7 9. f4 c5 10. c3 Ne4 11. Bxe7 Qxe7 12. Nxe4 dxe4 13. Nxd7 Qxd7 14. Bc2 Qb5 15. Rf2 cxd4 16. cxd4 Rac8 17. Ba4 Qa5 18. Bb3 Bd5 19. Qd2 Qxd2 20. Rxd2 f5 21. Kf2 Rc7 22. Bd1 Rfc8 23. b3 Rc3 24. Rb1 b5 25. Rbb2 b4 26. g4 g6 27. h4 Kf7 28. g5 Ke7 29. Rbc2 a5 30. Rxc3 bxc3 31. Rc2 Kd6 32. Be2 a4 33. bxa4 Bxa2 34. a5 Bb3 35. Rc1 c2 36. Ke1 Kc7 37. Kd2 Kb7 38. Ra1 Ka7 39. Rc1 Rc7 40. h5 gxh5 41. Bxh5 Ka6 42. Ra1 Ba4 43. Kc1 Bb5 44. Ra2 Bd3 45. Be8 Rg7 46. Ba4 h6 47. Bxc2 hxg5 1/2-1/2

[Event "CZE-chT2f 0607"]
[Site "Czech Republic"]
[Date "2007.02.11"]
[Round "7.1"]
[White "Bolacky, Jiri"]
[Black "Zelenka, Milan"]
[Result "1-0"]
[WhiteElo "2289"]
[BlackElo "2166"]
[PlyCount "113"]
[EventDate "2006.10.14"]
[EventType "team"]
[EventRounds "11"]
[EventCountry "CZE"]
[SourceTitle "EXT 2009"]
[Source "ChessBase"]
[SourceDate "2008.11.26"]
[SourceVersion "1"]
[SourceVersionDate "2008.11.26"]
[SourceQuality "1"]

1. e4 e5 2. Nf3 Nc6 3. Bb5 Nf6 4. 0-0 Nxe4 5. d4 Nd6 6. Bxc6 bxc6 7. Bg5 Be7 8. Bxe7 Qxe7 9. dxe5 Nb7 10. Nd4 0-0 11. f4 f5 12. Nd2 Nd8 13. Qe2 a5 14. Qc4+ Kh8 15. Rf3 Ba6 16. Qc3 a4 17. b4 Ne6 18. Nxe6 Qxe6 19. Re3 Rab8 20. a3 Rbe8 21. Nf3 Qc4 22. Qxc4 Bxc4 23. Nd2 Be6 24. c4 c5 25. bxc5 Rb8 26. Rb1 Rxb1+ 27. Nxb1 Rb8 28. Nd2 Rb2 29. Rd3 c6 30. Kf2 Kg8 31. Ke3 Kf8 32. Rc3 Ke7 33. Ke2 Ra2 34. g3 h6 35. Ke1 Bf7 36. Kd1 g5 37. Kc1 Bh5 38. Rd3 Be2 39. Re3 Bf1 40. Rf3 Be2 41. Rc3 Bg4 42. Rd3 Be2 43. Kb1 Bxd3+ 44. Kxa2 gxf4 45. gxf4 Kf7 46. Kb2 Kg6 47. Kc3 Be2 48. Kd4 Kh5 49. Nb1 Bd1 50. Nc3 Bc2 51. Nd5 cxd5 52. e6 dxe6 53. c6 e5+ 54. fxe5 f4 55. e6 f3 56. e7 Bg6 57. Ke3 1-0

[Event "CZE-chT2f 0607"]
[Site "Czech Republic"]
[Date "2006.12.17"]
[Round "5.1"]
[White "Lys, Josef"]
[Black "Zelenka, Milan"]
[Result "1-0"]
[WhiteElo "2230"]
[BlackElo "2166"]
[PlyCount "71"]
[EventDate "2006.10.14"]
[EventType "team"]
[EventRounds "11"]
[EventCountry "CZE"]
[SourceTitle "EXT 2009"]
[Source "ChessBase"]
[SourceDate "2008.11.26"]
[SourceVersion "1"]
[SourceVersionDate "2008.11.26"]
[SourceQuality "1"]

1. d4 Nf6 2. Bg5 d6 3. Nc3 Nbd7 4. e4 e5 5. Nf3 Be7 6. Bc4 0-0 7. 0-0 c6 8. a4 h6 9. dxe5 Nxe5 10. Nxe5 dxe5 11. Bh4 Nd7 12. Bg3 Bh4 13. Bxh4 Qxh4 14. Qd6 Qf6 15. Rad1 Qxd6 16. Rxd6 Nc5 17. Rfd1 Be6 18. Bxe6 Nxe6 19. Rd7 Nc5 20. Re7 Rfe8 21. Rxe8+ Rxe8 22. b4 Ne6 23. Rd7 Rd8 24. Rxb7 Rd2 25. g3 Rxc2 26. Nd5 cxd5 27. exd5 Nd4 28. Rxa7 Kf8 29. b5 Rc5 30. b6 Rxd5 31. b7 Nc6 32. a5 Rb5 33. Ra8+ Ke7 34. a6 Rb6 35. Kg2 Kd7 36. Rc8 1-0

[Event "CZE-chT2f 0506"]
[Site "Czech Republic"]
[Date "2005.11.06"]
[Round "2.3"]
[White "Rojicek, Vojtech"]
[Black "Zelenka, Milan"]
[Result "1/2-1/2"]
[WhiteElo "2175"]
[BlackElo "2134"]
[PlyCount "26"]
[EventDate "2005.10.16"]
[EventType "team"]
[EventRounds "11"]
[EventCountry "CZE"]
[SourceTitle "EXT 2009"]
[Source "ChessBase"]
[SourceDate "2008.11.26"]
[SourceVersion "1"]
[SourceVersionDate "2008.11.26"]
[SourceQuality "1"]

1. e4 e6 2. d4 d5 3. exd5 exd5 4. Bd3 Bd6 5. Nf3 Nf6 6. 0-0 0-0 7. c3 c6 8. Bg5 Bg4 9. Nbd2 Nbd7 10. Qc2 Qc7 11. Bh4 Bh5 12. Bg3 Bg6 13. Rfe1 Rae8 1/2-1/2

[Event "CZE-chT2f 0506"]
[Site "Czech Republic"]
[Date "2005.10.16"]
[Round "1.3"]
[White "Zelenka, Milan"]
[Black "Tomecek, Jan"]
[Result "1-0"]
[WhiteElo "2134"]
[BlackElo "2153"]
[PlyCount "35"]
[EventDate "2005.10.16"]
[EventType "team"]
[EventRounds "11"]
[EventCountry "CZE"]
[SourceTitle "EXT 2009"]
[Source "ChessBase"]
[SourceDate "2008.11.26"]
[SourceVersion "1"]
[SourceVersionDate "2008.11.26"]
[SourceQuality "1"]

1. Nf3 d5 2. d4 Nf6 3. c4 e6 4. Nc3 Be7 5. Bg5 0-0 6. e3 h6 7. Bf4 b6 8. Bd3 Bb7 9. 0-0 Nbd7 10. cxd5 Nxd5 11. Nxd5 exd5 12. Ne5 Nxe5 13. Bxe5 Bd6 14. f4 f6 15. Bxd6 cxd6 16. Qh5 Qd7 17. Rac1 Rae8 18. Bf5 1-0

[Event "Pobeskydy Alpress 15th"]
[Site "Frydek Mistek"]
[Date "2004.04.10"]
[Round "6"]
[White "Beil, Martin"]
[Black "Zelenka, Milan"]
[Result "1-0"]
[WhiteElo "2176"]
[BlackElo "2150"]
[PlyCount "67"]
[EventDate "2004.04.08"]
[EventType "swiss"]
[EventRounds "9"]
[EventCountry "CZE"]
[SourceTitle "EXT 2006"]
[Source "ChessBase"]
[SourceDate "2005.11.24"]
[SourceVersion "1"]
[SourceVersionDate "2005.11.24"]
[SourceQuality "1"]

1. d4 Nf6 2. c4 g6 3. Nc3 Bg7 4. e4 d6 5. Nf3 0-0 6. h3 e5 7. d5 a5 8. Be3 Na6 9. Be2 Nc5 10. Nd2 Nfd7 11. 0-0 f5 12. f3 f4 13. Bf2 Bf6 14. b3 Bh4 15. Qe1 Bxf2+ 16. Qxf2 Nf6 17. a3 Nh5 18. b4 axb4 19. axb4 Rxa1 20. Rxa1 Na6 21. Rb1 b6 22. c5 bxc5 23. Bxa6 Bxa6 24. bxc5 Bd3 25. Rb2 Qa8 26. Ra2 Qb7 27. c6 Qb4 28. Nd1 Ng3 29. Qa7 Rb8 30. Qxc7 Ba6 31. Rxa6 Qxd2 32. Qxb8+ Kg7 33. Ra7+ Kh6 34. Qf8+ 1-0

[Event "Pobeskydy Alpress 15th"]
[Site "Frydek Mistek"]
[Date "2004.04.09"]
[Round "3"]
[White "Zelenka, Milan"]
[Black "Motyka, Michal"]
[Result "1-0"]
[WhiteElo "2150"]
[BlackElo "2231"]
[PlyCount "79"]
[EventDate "2004.04.08"]
[EventType "swiss"]
[EventRounds "9"]
[EventCountry "CZE"]
[SourceTitle "EXT 2006"]
[Source "ChessBase"]
[SourceDate "2005.11.24"]
[SourceVersion "1"]
[SourceVersionDate "2005.11.24"]
[SourceQuality "1"]

1. Nf3 d5 2. d4 Nf6 3. e3 e6 4. Bd3 Be7 5. Nbd2 0-0 6. 0-0 b6 7. Qe2 Bb7 8. Ne5 c5 9. c3 Nbd7 10. f4 Ne4 11. Nxe4 dxe4 12. Bb5 Nxe5 13. fxe5 a6 14. Ba4 Kh8 15. Bd2 b5 16. Bc2 f5 17. exf6 gxf6 18. Be1 Rg8 19. Bh4 cxd4 20. cxd4 Bd5 21. Bb3 Rg6 22. Rf4 Bxb3 23. axb3 f5 24. Bxe7 Qxe7 25. Qd2 Qd6 26. Qc3 Rg7 27. Rc1 Raa7 28. Qc8+ Rg8 29. Qc5 Rd7 30. b4 Rb8 31. Qxd6 Rxd6 32. Rc7 Ra8 33. Rh4 Kg8 34. Rhxh7 a5 35. bxa5 Rxa5 36. h4 f4 37. h5 fxe3 38. h6 e5 39. Rcg7+ Kf8 40. Rh8# 1-0

[Event "MOR-chT2N 0203"]
[Site "Moravia"]
[Date "2002.11.03"]
[Round "2"]
[White "Zelenka, Milan"]
[Black "Beran, Petr"]
[Result "1/2-1/2"]
[WhiteElo "2177"]
[BlackElo "2156"]
[PlyCount "102"]
[EventDate "2002.10.??"]
[EventType "team"]
[EventRounds "11"]
[EventCountry "CZE"]
[SourceTitle "EXT 2006"]
[Source "ChessBase"]
[SourceDate "2005.11.24"]
[SourceVersion "1"]
[SourceVersionDate "2005.11.24"]
[SourceQuality "1"]

1. e4 c6 2. d4 d5 3. exd5 cxd5 4. c3 Bf5 5. Qb3 Qd7 6. Nf3 f6 7. c4 Bxb1 8. Rxb1 e6 9. Bd3 Nc6 10. 0-0 Kf7 11. cxd5 exd5 12. Bd2 Re8 13. Rfe1 Rxe1+ 14. Rxe1 g6 15. Qa4 Bd6 16. b4 a6 17. Qb3 Nge7 18. a4 Ra8 19. b5 axb5 20. Bxb5 Kg7 21. Qe3 Rd8 22. Qh6+ Kg8 23. Ba5 Re8 24. Qd2 Nf5 25. Bb6 Rxe1+ 26. Qxe1 Nfe7 27. Bc5 Kf7 28. h3 Qe6 29. Qxe6+ Kxe6 30. Bxd6 Kxd6 31. g4 g5 32. Bd3 h6 33. Kf1 Na5 34. Ke2 Nc4 35. Nd2 Nxd2 36. Kxd2 Kc6 37. a5 Kd6 38. a6 bxa6 39. Bxa6 Ng6 40. Bf1 Nf4 41. Ke3 Kc6 42. h4 Kb6 43. hxg5 hxg5 44. Kd2 Ka5 45. Kc3 Ka4 46. Ba6 Nh3 47. f3 Nf4 48. Bf1 Ka5 49. Kb3 Ne6 50. Kc3 Ka4 51. Ba6 Ka5 1/2-1/2

[Event "Moravia-ch"]
[Site "Moravia"]
[Date "1997.??.??"]
[Round "?"]
[White "Kreuzer, Klaus"]
[Black "Zelenka, Milan"]
[Result "0-1"]
[WhiteElo "2105"]
[BlackElo "1910"]
[PlyCount "92"]
[EventDate "1997.??.??"]
[EventType "swiss"]
[EventRounds "9"]
[EventCountry "CZE"]
[SourceTitle "EXT 1999"]
[Source "ChessBase"]
[SourceDate "1998.11.16"]
[SourceVersion "1"]
[SourceVersionDate "1998.11.16"]
[SourceQuality "1"]

1. d4 Nf6 2. c4 e6 3. Nf3 d5 4. g3 c6 5. Bg2 Nbd7 6. Qc2 Bd6 7. 0-0 0-0 8. Nbd2 Re8 9. e4 Nxe4 10. Nxe4 dxe4 11. Qxe4 e5 12. dxe5 Nxe5 13. Ng5 Ng6 14. Qc2 Bg4 15. Bf3 Bxf3 16. Nxf3 Qf6 17. Kg2 Ne5 18. Nxe5 Bxe5 19. Rb1 Bd4 20. b4 Re6 21. Bb2 Rae8 22. Bxd4 Qxd4 23. Rfd1 Qg4 24. Rd2 Rh6 25. f3 Qh3+ 26. Kg1 Rhe6 27. Rf1 h5 28. Rg2 Re3 29. Rd2 h4 30. Rg2 Re1 31. Rxe1 Rxe1+ 32. Kf2 Qe6 33. gxh4 Qe3+ 34. Kg3 Rc1 35. Qf5 Rxc4 36. Qc8+ Kh7 37. Qf5+ Kg8 38. Qc8+ Kh7 39. Qf5+ Kh6 40. Qxf7 Qe1+ 41. Rf2 Rxb4 42. h5 Qe5+ 43. f4 Qxh5 44. Qf8 Qg6+ 45. Kh3 Rd4 46. Rf3 Kh7 0-1

[Event "Moravia-ch"]
[Site "Moravia"]
[Date "1997.??.??"]
[Round "?"]
[White "Lys, Josef"]
[Black "Zelenka, Milan"]
[Result "1-0"]
[WhiteElo "2270"]
[BlackElo "1910"]
[PlyCount "75"]
[EventDate "1997.??.??"]
[EventType "swiss"]
[EventRounds "9"]
[EventCountry "CZE"]
[SourceTitle "EXT 1999"]
[Source "ChessBase"]
[SourceDate "1998.11.16"]
[SourceVersion "1"]
[SourceVersionDate "1998.11.16"]
[SourceQuality "1"]

1. d4 Nf6 2. Nf3 e6 3. g3 b6 4. Bg2 Bb7 5. 0-0 d5 6. Ne5 Nbd7 7. c4 Nxe5 8. dxe5 Ne4 9. f3 Nc5 10. cxd5 exd5 11. Nc3 Be7 12. f4 c6 13. b4 Ne4 14. Nxe4 dxe4 15. Bxe4 Bxb4 16. Be3 Qe7 17. Rc1 c5 18. Qa4+ Kf8 19. Bxb7 Qxb7 20. a3 Ba5 21. Bxc5+ Kg8 22. Bd6 Bd2 23. Qc6 Qxc6 24. Rxc6 h5 25. Rc7 h4 26. Kg2 hxg3 27. hxg3 b5 28. f5 Ba5 29. Rb7 Bb6 30. e6 fxe6 31. fxe6 Rh6 32. Be5 Rg6 33. Rff7 Re8 34. Bxg7 Rgxe6 35. Ba1 Rxe2+ 36. Kh3 Rd8 37. Rg7+ Kf8 38. Rh7 1-0